| 000 | 00502cam a2200193 4500 | ||
|---|---|---|---|
| 001 | D3800 | ||
| 008 | 090401t1981 xxu||||| |||| 00| 0 eng d | ||
| 035 | _a(Sirsi) u75038 | ||
| 041 | _aeng | ||
| 050 | _a697.54 | ||
| 100 | _aFisk, D.J. | ||
| 245 | _aEvaporative heat meters in district heating schemes | ||
| 260 |
_aGarston, Watford _bBuilding Research Establishment _c1981 |
||
| 300 | _a3p. ill. 30cm | ||
| 350 | _a0 | ||
| 490 |
_aInformation Papers _v15/81 |
||
| 942 | _n0 | ||
| 948 | _c04/03/1997 | ||
| 999 |
_c95953 _d95953 |
||